Parameter estimation and hypothesis testing in linear models

Gespeichert in:
Bibliographische Detailangaben
1. Verfasser: Koch, Karl-Rudolf (Verfasst von)
Format: Buch
Sprache:Englisch
Veröffentlicht: Berlin : Springer Verlag, 1999
Ausgabe:2.dopl.a preprac.vyd.
Tags: Tag hinzufügen
Keine Tags, Fügen Sie das erste Tag hinzu!

MARC

LEADER 00000nam a22000003a 4500
001 stu83136
005 20150617225635.2
008 040113s1999----gw------------------eng-d
020 |a 3-540-65257-4 
040 |a STU  |b slo 
041 0 |a eng 
044 |a gw 
080 |a 528.221  |7 stu_us_auth*stu765 
100 1 |a Koch, Karl-Rudolf  |4 aut 
245 1 |a Parameter estimation and hypothesis testing in linear models 
250 |a 2.dopl.a preprac.vyd. 
260 |a Berlin :  |b Springer Verlag,  |c 1999 
300 |a 333 s 
996 |c V*48312/O-21295  |l VV3  |s P  |a 0  |w stu83136_0001 
996 |c V*48318/O-21301  |l VV3  |s P  |a 0  |w stu83136_0002